Science Quiz

Random Science or Anatomy Quiz

Brachial Plexus Roots and Related Nerves Quiz Stats

 Plays Quiz not verified by Sporcle

Score 0/18 Timer 10:00
0 Plays Today
% Correct
???
45.8%
???
33.3%
???
33.3%
???
29.2%
???
25%
???
25%
???
20.8%
???
20.8%
???
16.7%
% Correct
???
16.7%
???
16.7%
???
12.5%
???
12.5%
???
12.5%
???
8.3%
???
8.3%
???
8.3%
???
0%

You're not logged in!

Compare scores with friends on all Sporcle quizzes.
OR
Log In

Show Comments

Extras

Top Quizzes Today


Score Distribution

Your Account Isn't Verified!

In order to create a playlist on Sporcle, you need to verify the email address you used during registration. Go to your Sporcle Settings to finish the process.

Report this User

Report this user for behavior that violates our Community Guidelines.

Details: